| 000 | 00553nam a2200181 a 4500 | ||
|---|---|---|---|
| 001 | 000028153 | ||
| 005 | 20200930031408.0 | ||
| 008 | 110407s1986 dr ac 000 0 spa d | ||
| 040 |
_aDO-SdBNP _bspa _cBNPHU |
||
| 082 |
_axx _bC679c |
||
| 100 | 1 |
_aCoiscou Weber, Rodolfo _919739 |
|
| 245 | 1 | 4 |
_aLos cuatro y el capitán / _cRodolfo Coiscou Weber. |
| 260 |
_aSanto Domingo : _bTaller, _c1986. |
||
| 300 |
_a[68 p.] : _bil. ; retrs. ; _c16 cm. |
||
| 490 | 1 |
_aAntología de nuestra voz _v21 |
|
| 830 | 0 |
_aAntología de nuestra voz _n21 _955154 |
|
| 049 | _aBNPD | ||
| 999 |
_c27645 _d27645 |
||